Rock art in kumaon himalaya/ (Record no. 38560)

000 -LEADER
fixed length control field 00434nam a22001571a 4500
020 ## - INTERNATIONAL STANDARD BOOK NUMBER
ISBN 9788173050572
082 ## - DEWEY DECIMAL CLASSIFICATION NUMBER
Classification number 709.011 309 143
Item number YAS/R
100 ## - MAIN ENTRY--AUTHOR NAME
Personal name Yashodhar Mathpal
245 ## - TITLE STATEMENT
Title Rock art in kumaon himalaya/
Statement of responsibility, etc by Yashodhar Mathpal
260 ## - PUBLICATION, DISTRIBUTION, ETC. (IMPRINT)
Place of publication New Delhi:
Name of publisher Indian Gandhi National Centre for the arts,
Year of publication 1995.
300 ## - PHYSICAL DESCRIPTION
Number of Pages 92p.
650 ## - SUBJECT ADDED ENTRY--TOPICAL TERM
Topical Term Rock Art Kumaon Himalaya
650 ## - SUBJECT ADDED ENTRY--TOPICAL TERM
Topical Term Rock Art
650 ## - SUBJECT ADDED ENTRY--TOPICAL TERM
Topical Term Arts
942 ## - ADDED ENTRY ELEMENTS (KOHA)
Koha item type Book
Holdings
Withdrawn status Lost status Damaged status Not for loan Permanent Location Current Location Date acquired Cost, normal purchase price Full call number Accession Number Cost, replacement price Price effective from Koha item type
        Sree Sankaracharya University of Sanskrit Sree Sankaracharya University of Sanskrit 08.01.2015 700.00 R 709.011 309 143 YAS/R 026476 0.00 08.01.2015 Reference